000
00286nam a22001337a 4500
022
_a
082
_a
891.4393
100
_a
Bano Qudsia
245
_a
Hijraton Kay Darmiyan
260
_a
Lahore
_b
Sang e Meel Publishers
_c
2010.
300
_b
22cm.
500
_a
Hardcover.
942
_c
BK
999
_c
33061
_d
33061